000 00457nam a2200133Ia 4500
008 170221s9999 xx 000 0 und d
100 _aZheng, Yongkang.
245 2 _aA Close-Loop Conformance Testing System of IEC 61853
245 _cYongkang Zheng, Mingliang Wu, and Zhiqiang Peng.
260 _bJournal of Communications
650 _xCommunication
650 _xMedia Arts
856 _uhttp://www.jocm.us/index.php?m=content&c=index&a=lists&catid=165
999 _c312427
_d312427